000 00254 a2200085 4500
020 _a978-0029119402
100 _aErving Goffman
245 _aBehavior in Public Places: Notes on the Social Organization of Gatherings
260 _b Free Press; Reissue edition
999 _c11505
_d11505